[Event "Canarias en Red final"]
[Site "Playchess.com INT"]
[Date "2004.05.09"]
[Round "13"]
[White "Ponomariov, Ruslan"]
[Black "Sasikiran, Krishnan"]
[Result "0-1"]
[WhiteElo "2722"]
[BlackElo "2654"]
[PlyCount "108"]
[EventDate "2004.05.09"]
[EventType "swiss (blitz)"]
[EventRounds "13"]
[EventCountry "GER"]
[SourceTitle "EXT 2005"]
[Source "ChessBase"]
[SourceDate "2004.11.15"]
[SourceVersion "1"]
[SourceVersionDate "2004.11.15"]
[SourceQuality "1"]

1. e4 e5 2. Nf3 Nc6 3. Bb5 a6 4. Ba4 Nf6 5. d3 d6 6. c3 Bd7 7. Nbd2 g6 8. O-O
Bg7 9. Re1 O-O 10. Bc2 Nh5 11. Nf1 f5 12. exf5 Bxf5 13. Ng5 Qd7 14. Ng3 Nxg3
15. hxg3 d5 16. Bb3 Na5 17. f4 Rae8 18. fxe5 Bxe5 19. Bf4 Bxf4 20. gxf4 Rxe1+
21. Qxe1 Nxb3 22. axb3 Bxd3 23. Qe3 Bf5 24. Re1 h6 25. Nf3 Be4 26. Nd2 Re8 27.
Qg3 Kf7 28. b4 b6 29. Qh4 h5 30. Kf2 c5 31. bxc5 bxc5 32. Qg5 Qf5 33. Qh6 Kg8
34. Re3 Rf8 35. g3 Rb8 36. b3 a5 37. c4 a4 38. cxd5 Bxd5 39. Re5 Qd3 40. Rxd5
Qxd5 41. Qxg6+ Kf8 42. Ne4 Qd4+ 43. Kg2 Rxb3 44. Ng5 Qd5+ 45. Ne4 Re3 46. Qf6+
Ke8 47. Qh8+ Kd7 48. Qg7+ Kc6 49. Qf6+ Kb5 50. Qb2+ Ka6 51. Kh2 Qxe4 52. Kh3
Qh1+ 53. Qh2 Qxh2+ 54. Kxh2 a3 0-1

[Event "Biel GM"]
[Site "Biel"]
[Date "2004.07.23"]
[Round "5"]
[White "McShane, Luke J"]
[Black "Ponomariov, Ruslan"]
[Result "1-0"]
[WhiteElo "2643"]
[BlackElo "2722"]
[Annotator "Ftacnik,L"]
[PlyCount "85"]
[EventDate "2004.07.19"]
[EventType "tourn"]
[EventRounds "10"]
[EventCountry "SUI"]
[EventCategory "18"]
[SourceTitle "CBM 102"]
[Source "ChessBase"]
[SourceDate "2004.09.23"]
[SourceVersion "1"]
[SourceVersionDate "2004.09.23"]
[SourceQuality "1"]

1. e4 c5 2. Nf3 d6 3. d4 cxd4 4. Nxd4 Nf6 5. f3 e5 6. Nb3 a5 7. a4 (7. Bb5+ Nc6
8. Nc3 Be7 9. Be3 O-O 10. O-O Be6 11. Qe2 Na7 12. Bc4 Qc7 13. Bxe6 fxe6 14. Rf2
b6 15. Rd1 Qc6 16. a4 d5 17. exd5 {1/2-1/2 Short,N-Ivanchuk,V/Skanderborg 2003/
(17)}) (7. Nc3 Be7 8. Bb5+ Bd7 9. a4 Nc6 10. Be3 O-O 11. O-O Be6 12. Nd5 Bxd5
13. exd5 Nb4 14. c4 Nh5 15. Qd2 {1/2-1/2 Magem Badals,J-Borovikov,V/Pamplona
2003/ (15)}) (7. c4 a4 8. N3d2 Nc6 9. Nc3 a3 10. b3 Qb6 11. Ndb1 Be7 12. Be2
O-O 13. Na4 Rxa4 14. bxa4 Nd4 15. Nc3 Be6 16. Rb1 Qc5 17. Nb5 Nxe4 18. Nxd4
Bh4+ 19. g3 Nxg3 20. hxg3 Bxg3+ 21. Kf1 exd4 22. Rb5 Qc6 23. Qxd4 {1-0
Mastrovasilis,D-Petraki,M/Kavala 2004/ (30)}) 7... Nc6 8. Bb5 Be7 9. c4 O-O 10.
Be3 Na7 {Ponomariov is cleverly underlining the fact, that in the heat of the
fight white has decided for the dubious closing of the bishop on b5 square.} (
10... Be6 11. Nc3 Nb4 12. O-O Rc8 13. Qe2 $14) 11. Nc3 Be6 12. Qd3 Nh5 (12...
Nxb5 $5 13. axb5 Nh5 14. g3 Bg5 15. Bf2 f5 $13) 13. g3 f5 14. Nd2 (14. Nd5 Nxb5
15. Bb6 fxe4 16. fxe4 Qd7 17. axb5 Nf6 $13) 14... fxe4 15. fxe4 Bg5 (15... Nxb5
16. axb5 Nf6 $11) 16. O-O-O (16. Bxa7 Rxa7 17. Nf3 Be7 18. O-O Ra8 $11) 16...
Bxe3 17. Qxe3 Nf6 18. Rhf1 Qc7 (18... Nxb5 19. Nxb5 (19. axb5 Rc8 $17) 19...
Rc8 20. Kb1 Rc6 $15) 19. b3 Nc6 20. Nf3 Bh3 $1 21. Rfe1 Bg4 22. Rd2 (22. Rf1
Bxf3 23. Rxf3 Nd4 24. Rxd4 exd4 25. Qxd4 Kh8 $15) 22... Nxe4 $5 {Exchampion is
fighting for the advantage and it is not his fault, that after losing a pwn
white get's some compensation in a solid control of the center.} (22... Bxf3
23. Qxf3 Nd4 24. Qd1 Rac8 25. Rxd4 exd4 26. Qxd4 $15) 23. Nxe4 (23. Nd5 Qd8 24.
Nxe5 Nxd2 25. Nxg4 Nf3 26. Rd1 Nce5 $17) 23... Bxf3 (23... Rxf3 24. Qg5 Bd7 25.
Rxd6 Bf5 26. c5 Nd4 $15) 24. Bxc6 bxc6 (24... Qxc6 25. Nxd6 e4 $11) 25. Nxd6 e4
26. c5 Rab8 27. Kb2 Kh8 28. Qc3 Qe7 (28... Rb4 29. Rd4 Rxd4 30. Qxd4 Qe7 31.
Re3 $14) 29. Rd4 Qe5 $2 {It is possible, that black has even decided to
sacrifice the queen, but better chances are residing with white.} (29... Bg2
30. Re3 Rf3 31. Nxe4 Rxe3 32. Qxe3 Qe6 33. Qd3 Qe7 $14) (29... Rb4 $5 30. Rxb4
axb4 31. Qd4 (31. Qxb4 e3 32. Qd4 e2 $11) 31... Qe6 32. Qxb4 e3 $11) 30. Nf7+
$1 Rxf7 31. Rd8+ Rxd8 (31... Qe8 32. Rxe8+ Rxe8 33. Qxa5 $18) 32. Qxe5 h6 33.
Qc3 Rd3 (33... Ra7 34. Re3 (34. Kc2 Rd3 35. Qe5 Rb7 36. Rxe4 Rbxb3 37. Re1 Bh5
$14) 34... Rd5 35. Ka3 $16) 34. Qxa5 Bd1 (34... e3 35. Qa6 Be4 36. Qc4 Rd2+ 37.
Ka3 Bd5 38. Qa6 Re7 39. Qc8+ Kh7 40. a5 $16) 35. Qb4 (35. Qa8+ Kh7 36. Qxc6
Rf2+ (36... Rxb3+ 37. Kc1 Bf3 38. Qd5 Rbb7 39. a5 $18) 37. Ka1 Bf3 38. Qe6 $18)
35... e3 {[%mdl 1024] In a mildly irrational position each move can turn
against the author. McShane can lean on his material advantage and possible
transfers into rook endgames are also not promissing black equality.} (35...
Rf2+ $5 36. Ka3 $1 (36. Ka1 Rxb3 37. Qxe4 Rc3 38. Rxd1 Ra3+ 39. Kb1 Rb3+ 40.
Kc1 Rc3+ $11) 36... Bxb3 37. Qxb3 Rff3 38. Qxd3 Rxd3+ 39. Kb4 e3 40. a5 $16) (
35... Rxb3+ 36. Qxb3 Bxb3 37. Kxb3 Re7 38. a5 e3 39. Kc3 e2 40. Kd2 Re4 41.
Rxe2 Ra4 42. Re6 Rxa5 43. Rxc6 $16) 36. a5 (36. Qc4 Rfd7 37. Rf1 Rd2+ 38. Ka3
Rd8 39. Qe6 e2 40. Rf4 $16) 36... e2 (36... Rxb3+ 37. Qxb3 Bxb3 38. Kxb3 Re7
39. Kc3 Re4 40. Ra1 e2 41. Kd2 e1=Q+ 42. Rxe1 Ra4 43. Re6 Rxa5 44. Rxc6 $16)
37. a6 Rdd7 (37... Rxb3+ 38. Qxb3 Bxb3 39. Kxb3 Ra7 40. Rxe2 Rxa6 41. h4 Kg8
42. Re7 $14) 38. Qe4 Rde7 (38... Rc7 39. b4 $18) 39. Qxc6 Rf1 40. a7 $1 Rxe1 (
40... Rxa7 41. Qe8+ Kh7 42. Rxe2 Bxe2 43. Qxe2 Raf7 44. Qe4+ $18) 41. a8=Q+ Kh7
42. Qf8 {Similar material relationships on the board are not seen every day.}
Re5 (42... Rf1 43. Qxe7 e1=Q 44. Qce4+ Qxe4 45. Qxe4+ $18) 43. Qfd6 (43. Qfd6
Rf1 44. Qg6+ Kg8 45. Qd7 $18) 1-0

[Event "Biel GM"]
[Site "Biel"]
[Date "2004.07.27"]
[Round "8"]
[White "Ponomariov, Ruslan"]
[Black "Pelletier, Yannick"]
[Result "0-1"]
[WhiteElo "2722"]
[BlackElo "2597"]
[Annotator "Pelletier,Y"]
[PlyCount "80"]
[EventDate "2004.07.19"]
[EventType "tourn"]
[EventRounds "10"]
[EventCountry "SUI"]
[EventCategory "18"]
[SourceTitle "CBM 102"]
[Source "ChessBase"]
[SourceDate "2004.09.23"]
[SourceVersion "1"]
[SourceVersionDate "2004.09.23"]
[SourceQuality "1"]

1. e4 c5 2. Nf3 e6 3. d4 cxd4 4. Nxd4 Nc6 5. Nc3 Qc7 6. Be3 Nf6 {Diese
Zugfolge ist rar.} 7. f4 Bb4 {Und dies ist wohl eine interessante
Exzentrizität!} 8. Ndb5 Qa5 9. Bd2 a6 10. e5 axb5 11. exf6 Bxc3 (11... gxf6 12.
Nxb5 {ist zu gefährlich.}) 12. bxc3 (12. Bxc3 b4 13. fxg7 Rg8 {bereitet dem
Nachziehenden kein Problem.}) 12... gxf6 (12... g6 {geschah in Fernandez
Romero-Lakos, Pamplona 2002. Schwarz eroberte zwar später den Bauern zurück,
aber unter grosser Zeiteinbuße.}) 13. Qg4 {Die prinzipielle Fortsetzung.} b4
14. Qg7 Rf8 15. Qxf6 bxc3 16. Bxc3 ({Im Endspiel nach} 16. Qxc3 Qxc3 17. Bxc3 {
gleicht Schwarz mittels} b6 $11 {[%cal Gc8a6] aus}) 16... Qc5 {[%csl Re1,Re8]}
17. Bd3 b6 ({Auch in Frage kam} 17... Ra4 {[%cal Gc5e3]}) 18. Bxh7 Ra4 19.
O-O-O $5 {Der weisse König ist nicht so in Gefahr, wie es zuerst aussieht. Der
schwarzfeldrige Läufer vollbringt nämlich eine wichtige defensive Leistung.}
Nb4 $1 ({Schwarz muss seine Kräfte entwickeln, daher wäre} 19... Rxa2 {zu
langsam.}) 20. Bb2 Bb7 21. Rhe1 (21. a3 Nd5) 21... Nxa2+ (21... Nd5 22. Qe5 d6
23. Qg7 Rxf4 $13 {[%cal Gf4f8] war auch möglich, da die Drohung Rxe6 wieder
pariert ist. Aber die Partiefortsetzung erscheint mir konsequenter.}) 22. Kb1
Bd5 (22... Nb4 $2 23. Rxe6+ $1) 23. Rxd5 $2 ({Nach} 23. Qe5 Nb4 $13 {wären in
dieser komplizierten Stellung die Chancen verteilt.} (23... Rb4 $2 24. Re3))
23... Qxd5 24. c3 {Das war die weisse Idee. Der Na2 findet keinen Weg zur
frischen Luft. Aber Schwarz verfügt über genug Ressourcen, um dies zu
kompensieren.} (24. Qe5 Qxe5 25. Bxe5 Ke7) 24... Qd2 (24... Qxg2 25. Bc2 Ra5
26. Bb3) 25. Qe5 ({Nach z.B.} 25. Rg1 {entscheidet schon} Ra3 $1 {[%csl Gc3]
Nach dem Textzug ist dieser Trick unmöglich wegen 26.Qb8+ und 27.Bxa3+}) 25...
f5 $1 {Die Drohung Qd3+ erzwingt den Damentausch, wonach der weisse Läufer
ebenfalls im Käfig bleibt.} 26. Bg6+ Kd8 (26... Ke7 $2 27. Ba3+ $1 (27. Qg7+ $2
Kd8 28. Qxf8+ Kc7 $19) 27... Nb4 28. Bxb4+ Rxb4+ 29. cxb4 $11) 27. Qe3 Qxe3 28.
Rxe3 Rh8 {[%cal Gh8h6]} 29. Rh3 Rxh3 30. gxh3 Rxf4 {[%csl Ge6,Gf5] Der
Springer war ohnehin verurteilt, aber Schwarz erhält nun viele Bauern, wobei
seine eigenen Freibauern die Entscheidung bringen werden.} 31. Bh5 ({
Hartnäckiger, auch wenn ungenügend, war} 31. Kxa2 Rh4 32. Bc1 Rxh3 33. Bg5+ Kc7
34. Kb3 d6 $19) 31... Rh4 32. Bd1 Rxh3 33. Kxa2 f4 34. Bg4 (34. Kb3 f3 35. Bc1
f2 36. Be2 Rxh2 37. Be3 Ke7 38. Bb5 Kf6 $19) 34... Rh4 35. Bd1 Rxh2 36. Kb3 e5
37. Bf3 $6 Rh3 38. Bg2 Rg3 39. Bf1 f3 40. c4 Rg1 0-1

[Event "Zabala Memorial op"]
[Site "Bilbao"]
[Date "2004.10.12"]
[Round "4"]
[White "Mitkov, Nikola"]
[Black "Ponomariov, Ruslan"]
[Result "0-1"]
[WhiteElo "2539"]
[BlackElo "2710"]
[PlyCount "184"]
[EventDate "2004.10.12"]
[EventType "swiss (rapid)"]
[EventRounds "7"]
[EventCountry "ESP"]
[SourceTitle "CBM 102 Extra"]
[Source "ChessBase"]
[SourceDate "2004.11.03"]
[SourceVersion "1"]
[SourceVersionDate "2004.11.03"]
[SourceQuality "1"]

1. e4 c5 2. Nc3 g6 3. Bc4 Bg7 4. Nge2 Nc6 5. a3 d6 6. d3 e6 7. O-O Nge7 8. Ba2
O-O 9. Be3 Nd4 10. Qd2 Nxe2+ 11. Qxe2 Bd7 12. Qd2 Nc6 13. Bh6 Rb8 14. Bxg7 Kxg7
15. f4 f5 16. Rae1 Qf6 17. Nd1 b5 18. c3 a5 19. Qe3 b4 20. axb4 axb4 21. e5
dxe5 22. fxe5 Qe7 23. d4 bxc3 24. bxc3 cxd4 25. cxd4 Nb4 26. Bb3 Bb5 27. Rf3
Bc6 28. Rf2 Bd5 29. Bxd5 Nxd5 30. Qd3 Qb4 31. Qd2 Rfc8 32. Ne3 Qxd2 33. Rxd2
Rb5 34. Nxd5 Rxd5 35. Ra1 Rc7 36. Ra6 Kf7 37. h4 Rcd7 38. Ra4 h6 39. Kf1 Rxe5
40. dxe5 Rxd2 41. Ra7+ Kf8 42. Ra8+ Ke7 43. h5 gxh5 44. Rh8 Rd5 45. Rh7+ Kf8
46. Rxh6 Rxe5 47. Rxh5 Kf7 48. Kf2 Kg6 49. Rh8 Ra5 50. Re8 Kf6 51. Rf8+ Kg5 52.
Rg8+ Kf4 53. Rb8 Ra2+ 54. Kf1 e5 55. Rb3 e4 56. Rb8 Ke3 57. Rb3+ Kd2 58. Kf2 f4
59. Rb8 Kd1+ 60. Kf1 e3 61. Rb1+ Kd2 62. Re1 Kd3 63. Rb1 Rc2 64. Rd1+ Rd2 65.
Ra1 Rf2+ 66. Kg1 Rc2 67. Kf1 Kd2 68. Re1 Rc5 69. Re2+ Kd3 70. Re1 Rh5 71. Rd1+
Ke4 72. Rd8 Kf5 73. Ke2 Rg5 74. Kf1 Kg4 75. Rd7 Kg3 76. Re7 Rg8 77. Re6 Rh8 78.
Rg6+ Kh2 79. Rg4 Rf8 80. Rh4+ Kg3 81. Rh3+ Kg4 82. Ke2 Ra8 83. Rh7 Ra2+ 84. Kf1
Kf5 85. Re7 Ra1+ 86. Ke2 Rg1 87. Rf7+ Ke5 88. Re7+ Kf6 89. Re8 Rxg2+ 90. Kf3
Rf2+ 91. Kg4 e2 92. Rf8+ Ke7 0-1

[Event "Zabala Memorial op"]
[Site "Bilbao"]
[Date "2004.10.12"]
[Round "6"]
[White "Genov, Petar"]
[Black "Ponomariov, Ruslan"]
[Result "1/2-1/2"]
[WhiteElo "2498"]
[BlackElo "2710"]
[PlyCount "95"]
[EventDate "2004.10.12"]
[EventType "swiss (rapid)"]
[EventRounds "7"]
[EventCountry "ESP"]
[SourceTitle "CBM 102 Extra"]
[Source "ChessBase"]
[SourceDate "2004.11.03"]
[SourceVersion "1"]
[SourceVersionDate "2004.11.03"]
[SourceQuality "1"]

1. d4 d5 2. c4 c6 3. Nf3 Nf6 4. Nc3 dxc4 5. a4 Bf5 6. Ne5 Nbd7 7. Nxc4 Qc7 8.
g3 e5 9. dxe5 Nxe5 10. Bf4 Nfd7 11. Nxe5 Nxe5 12. Qd4 f6 13. Bg2 Qa5 14. Bxe5
fxe5 15. Qe3 Qc5 16. Qg5 Bg6 17. Be4 Bxe4 18. Nxe4 Qb4+ 19. Nc3 Qe7 20. Qg4 h5
21. Qg6+ Qf7 22. Qxf7+ Kxf7 23. O-O-O Ke6 24. h4 Be7 25. Rd3 Rad8 26. Rhd1 Rxd3
27. Rxd3 g5 28. hxg5 Bxg5+ 29. Kc2 h4 30. Ne4 Be7 31. gxh4 Rxh4 32. f3 Rh1 33.
Rd1 Rxd1 34. Kxd1 Kd5 35. b3 Kd4 36. Kd2 Bb4+ 37. Kc2 Ke3 38. Kd1 a5 39. Nf6
Kd4 40. Kc2 b5 41. Ng4 bxa4 42. e3+ Kd5 43. bxa4 c5 44. Nf6+ Ke6 45. Ne4 c4 46.
f4 Kf5 47. Nd2 c3 48. Nb1 1/2-1/2

[Event "Zabala Memorial op"]
[Site "Bilbao"]
[Date "2004.10.12"]
[Round "8"]
[White "Herraiz Hidalgo, Herminio"]
[Black "Ponomariov, Ruslan"]
[Result "1/2-1/2"]
[WhiteElo "2474"]
[BlackElo "2710"]
[PlyCount "79"]
[EventDate "2004.10.12"]
[EventType "swiss (rapid)"]
[EventRounds "7"]
[EventCountry "ESP"]
[SourceTitle "CBM 102 Extra"]
[Source "ChessBase"]
[SourceDate "2004.11.03"]
[SourceVersion "1"]
[SourceVersionDate "2004.11.03"]
[SourceQuality "1"]

1. d4 Nf6 2. c4 g6 3. Nc3 Bg7 4. e4 O-O 5. Be2 d6 6. Nf3 e5 7. O-O Nc6 8. d5
Ne7 9. Bg5 Nh5 10. Ne1 Nf4 11. Nd3 Nxe2+ 12. Qxe2 h6 13. Bd2 f5 14. f4 exf4 15.
Nxf4 g5 16. Nh5 Be5 17. exf5 Bxf5 18. g4 Bg6 19. Rxf8+ Qxf8 20. Rf1 Qc8 21. Ne4
Bxh5 22. gxh5 Qh3 23. Nf6+ Kh8 24. Bc3 Bxc3 25. bxc3 Ng8 26. Nxg8 Rxg8 27. Rf6
Qxc3 28. Rxh6+ Kg7 29. Rg6+ Kh7 30. Rxg8 Kxg8 31. Qe8+ Kh7 32. Qg6+ Kh8 33.
Qh6+ Kg8 34. Qxg5+ Kh7 35. Qf5+ Kg7 36. Qg5+ Kh7 37. Qf5+ Kg7 38. Qg6+ Kh8 39.
Qe8+ Kg7 40. Qg6+ 1/2-1/2

[Event "Zabala Memorial op"]
[Site "Bilbao"]
[Date "2004.10.12"]
[Round "10"]
[White "Perez Rodriguez, Luis Manuel"]
[Black "Ponomariov, Ruslan"]
[Result "1/2-1/2"]
[WhiteElo "2430"]
[BlackElo "2710"]
[PlyCount "78"]
[EventDate "2004.10.12"]
[EventType "swiss (rapid)"]
[EventRounds "7"]
[EventCountry "ESP"]
[SourceTitle "CBM 102 Extra"]
[Source "ChessBase"]
[SourceDate "2004.11.03"]
[SourceVersion "1"]
[SourceVersionDate "2004.11.03"]
[SourceQuality "1"]

1. e4 e5 2. Bc4 Nf6 3. Nc3 Be7 4. d3 c6 5. Nf3 d6 6. a4 O-O 7. O-O a5 8. h3 Na6
9. Qe2 Nc5 10. d4 exd4 11. Nxd4 Re8 12. Qf3 Qb6 13. Rd1 Qb4 14. b3 Ncd7 15. Ba3
Ne5 16. Qg3 Qb6 17. Bf1 h6 18. f4 Ng6 19. Bc4 Kf8 20. Qf3 Ne5 21. Qg3 Nxc4 22.
bxc4 Kg8 23. Kh1 Bf8 24. e5 dxe5 25. Bxf8 Nh5 26. Qf2 exd4 27. Ba3 Nxf4 28.
Rxd4 Ne6 29. c5 Qc7 30. Rd6 Ng5 31. Rf1 f6 32. Bc1 Nf7 33. Rd3 Be6 34. Rg3 Bc4
35. Rxg7+ Kxg7 36. Qxf6+ Kh7 37. Qf5+ Kh8 38. Qf6+ Kh7 39. Qf5+ Kh8 1/2-1/2

[Event "Olympiad-36"]
[Site "Mallorca"]
[Date "2004.10.26"]
[Round "11"]
[White "Bruzon Batista, Lazaro"]
[Black "Ponomariov, Ruslan"]
[Result "1-0"]
[WhiteElo "2637"]
[BlackElo "2710"]
[Annotator "Postny,E"]
[PlyCount "77"]
[EventDate "2004.10.15"]
[EventType "team-swiss"]
[EventRounds "14"]
[EventCountry "ESP"]
[SourceTitle "CBM 104"]
[Source "ChessBase"]
[SourceDate "2005.01.27"]
[SourceVersion "1"]
[SourceVersionDate "2005.01.27"]
[SourceQuality "1"]
[WhiteTeam "Cuba"]
[BlackTeam "Ukraine"]
[WhiteTeamCountry "CUB"]
[BlackTeamCountry "UKR"]

1. e4 e5 2. Nf3 Nc6 3. Bb5 a6 4. Ba4 Nf6 5. O-O Nxe4 6. d4 b5 7. Bb3 d5 8. dxe5
Be6 9. Be3 {A solid line, which became more popular on the top level recently.}
({The main line goes with} 9. Nbd2) 9... Be7 (9... Nc5 $6 10. Nc3 Nxb3 11. cxb3
$1 $14 {Ponomariov,R-Kortschnoj,V/Donetsk 2001/CBM 81}) (9... Bc5 {1-0 Akopian,
V-Adianto,U/Tripoli 2004/CBM 102 [Postny,E] (43)}) 10. c3 Qd7 {A flexible move.
Black does not play the castling immediatly, and prepares to develop the rook
to d8.} ({Another playable option for black is} 10... O-O 11. Nbd2 Bg4 {
1/2-1/2 Sadvakasov,D-Kortschnoj,V/Astana 2003/CBM 93 [Postny,E] (44)}) 11. Nbd2
O-O 12. Re1 (12. Bc2 f5 {0-1 Ganguly,S-Nielsen,P/Tripoli 2004/CBM 102 [Postny,
E] (29)}) 12... Rad8 13. Bc2 Bf5 (13... Nxd2 14. Qxd2 Bf5 15. Rad1 Bxc2 16.
Qxc2 $14 {1/2-1/2 Khalifman,A-Mikhalevski,V/Linares 1997/CBM 58 (41)}) ({
More aggressive alternative is} 13... f5 14. exf6 Nxf6 {1-0 Timoshenko,G-Amin,
B/Ismailia 2004/CBM 103 [Postny,E] (45)}) 14. Nxe4 {After the following
massive exchanges whites gets only a minimal advantage. However, the
alternatives are not troublesome for black.} (14. Nb3 Bg6 15. Nbd4 Na5 16. e6
Qd6 17. exf7+ Rxf7 18. a4 Nc4 19. axb5 Nxe3 20. Rxe3 axb5 21. Nxb5 Qb6 22. Nbd4
c5 23. Nb3 Bf6 $44 {0-1 Fedorowicz,J-Kamsky,G/Los Angeles 1991/CBM 25 (54)}) (
14. Nd4 Nxd4 15. cxd4 Nxd2 16. Qxd2 c5 17. Bxf5 Qxf5 18. Qa5 Qe6 19. dxc5 d4
20. Bd2 Bxc5 $11 {1/2-1/2 Kholmov,R-Shurygin,S/Decin 1996/CBM 53 ext (56)})
14... Bxe4 15. Bxe4 dxe4 16. Qxd7 Rxd7 17. e6 $1 {This intermediate move
breaks black's pawn structure.} fxe6 18. Nd2 Ne5 19. Nxe4 Rfd8 $146 (19... Nd3
20. Re2 Rf5 (20... c5 21. g3 c4 22. b4 Rf5 23. a4 Kf7 24. axb5 axb5 25. Kg2 Re5
26. f3 Bf6 27. Ra3 h6 28. h3 Be7 29. Ra8 Bf6 30. Rb8 Rxe4 31. fxe4 Bxc3 32.
Rxb5 Bxb4 $44 {1/2-1/2 Dolmatov,S-Jussupow,A/Wijk aan Zee 1991/Candidates (61)}
) 21. g3 Kf7 22. a4 h6 23. axb5 axb5 24. Ra6 Re5 25. f3 Red5 $11 {1/2-1/2
Shirov,A-Mamedyarov,S/Izmir 2004/CBM 104_01 (32)}) 20. f3 Bh4 $6 {I don't like
the idea of exchanging bishops.} (20... Nd3 21. Re2 c5 $11 {[%cal Gc5c4]}) 21.
Bf2 Bxf2+ $6 ({It was possible to admit the inaccuracy made on the previous
move by} 21... Be7 {but, Ponomariov is consequent.}) 22. Nxf2 {Without bishops
it's easier for white to attack black's Pe6 weakness.} Rd5 23. a4 Nc4 $2 {
It's not clear what Ponomariov has missed, but after this move black's
position seems to be beyond saving.} ({Logical was} 23... Kf7 24. axb5 axb5 25.
Ra7 R8d7 {keeping worse, but defendable position.}) 24. axb5 axb5 25. Rxe6 Nxb2
26. Rc6 Rd2 (26... R8d7 27. Ra7 $18 {[%csl Rc7]}) 27. Rxc7 Rc2 28. h4 Na4 29.
Ne4 {White's centralized knight is extremely strong and it's also restricting
the opponent's knight.} h6 30. c4 Kh8 31. h5 {Black is actually in zugzwang.
Black can not move neither his Rc2, nor his knight due to penetration of
white's Ra1.} Rb8 (31... Nc3 32. Nd6 $1 Rf8 (32... Rxd6 $2 33. Ra8+ Kh7 34.
Rcc8 {mating.}) 33. Raa7 $18) 32. Kh2 Rf8 33. Rc6 Nb2 34. cxb5 {Two extra
pawns promise white an easy win.} Rxc6 35. bxc6 Rc8 36. Rc1 Rc7 37. Nd6 Nd3 38.
Nb5 Rc8 39. Rc3 1-0